Throne of Glass Characters (All Books) - Statistics

General Stats
  • This quiz has been taken 254 times
  • The average score is 20 of 30
Answer Stats
Description Answer % Correct
Their Fae animal form is a white-tailed hawk. Rowan Whitehorn
93%
Brutally tortured and murdered by Rourke Farran for hours. Sam Cortland
86%
Almost died breaking a blood oath. Fenrys Moonbeam
85%
Shifted into a hissing tabby in front of their mother. Lysandra
85%
Their magic is thought to be a gift from the god Hellas. Lorcan Salvaterre
84%
Has many tattoos in the Old Language for the soldiers they've lost in battle. Gavriel
80%
The colour of their eyes— sapphire blue— goes back to one of their oldest ancestors. Dorian Havilliard
79%
Renounced their title in order to move to Adarlan's capital, Rifthold. Chaol Westfall
77%
Hid the Amulet of Orynth for a decade. Arobynn Hamel
74%
Is branded with the word 'unclean' across her abdomen. Asterin Blackbeak
74%
Planned their own death by the hands of a grotesque assassin. Nehemia Ytger
74%
Fell down a flight of stairs and endured an injury that never properly healed. Elide Lochan
73%
Loses all but a droplet of their magic while forging the Lock. Aelin Galathynius
72%
Is also widely known as Neith's Arrow. Nesryn Faliq
71%
Carries a locket with a note from Aelin Galathynius. Yrene Westfall
68%
Fought at Theralis at the age of fourteen. Aedion Ashryver
64%
Has the golden eyes of the Valg Kings. Manon Blackbeack
63%
Was slaughtered by enemy forces while carrying Rowan's child. Lyria
61%
Keeps a gifted healer of Silba, in owl form, beside them at all times. Maeve
56%
Is the second-eldest child of the kaghan Urus, and also the Heir. Sartaq
56%
Was 'broken in her soul' when her mount Keelie died. Petrah Blueblood
55%
Referred to as the stone to Manon's ice and Asterin's fire. Sorrel Blackbeak
55%
Is known for her wine-red hair and fear of witches. Ansel of Briarcliff
54%
Kicked out of both Rowan and Lorcan's armies for being too cruel. Cairn
54%
Usurped the title of Lord of Perranth from his niece during Adarlan's occupation. Vernon Lochan
53%
Their two sisters, who were at a school for magic, died during Adarlan's invasion. Ren Allsbrook
47%
Built three towers used to contain and stifle magic across Erilea. Former King of Adarlan
46%
Sacked Rifthold and then convinced the Matrons to put Manon on trial. Iskra Yellowlegs
43%
Befriended Celaena, not Aelin, during her time in Rifthold. Nox Owen
35%
Is strong enough to keep their dark magic contained to not be sensed by others. King Erawan
34%
No matching quizzes found
Score Distribution
Percent of People with Each Score
Percentile by Number Answered
Your Score History
You have not taken this quiz